Statistiken für Varo 3 - Alle Teilnehmer

Klicken Sie hier um das Quiz zu spielen!

Allgemein

  • Dieses Quiz wurde 109 mal gespielt
  • Das Durchschnittsergebnis liegt bei 26 aus 62

Antwortstatistiken

HintAntwort% Korrekt
#21Paluten
89%
#12BastiGHG
85%
#45GLP
78%
#39Rewinside
78%
#8Zombey
75%
#61Dner
73%
#22Maudado
73%
#42Stegi
73%
#10Sturmwaffel
69%
#24Ungespielt
69%
#11VeniCraft
69%
#9GommeHD
66%
#43SparkOfPhoenix
63%
#23McExpert
61%
#36Concrafter
58%
#27CastCrafter
56%
#35Herr Bergmann
56%
#15KranCrafter
56%
#28MrMoreGame
55%
#4AviveHD
50%
#31izzi
49%
#2Zander
49%
#1LetsPhil
48%
#25FazonHD
47%
#7Gamerstime
45%
#6DoctorBenx
43%
#48Beni
41%
#44LPmitKev
41%
#3Vicevice
41%
#20DelayLP
40%
#34Haubna
40%
#57Logo
40%
#19PietSmiet
38%
#16BaastiZockt
35%
#60CoRRoNa
35%
#46Tobination
35%
#26AnyArt
34%
#47HandOfBlood
34%
#14PXLWLF
34%
#18DebitorLP
32%
#37Dhalucard
31%
#55Kedos
31%
#13Skate702
30%
#30Balui
28%
#38Earliboy
28%
#52Selbstgespräch
26%
#5Hallodri
25%
#49TinNendo
25%
#58NexotekHD
24%
#62NichtNilo
24%
#53Takaishii
23%
#51EsKayZockt
19%
#59Peterle
19%
#50QuotenKadl
19%
#56Kukielka
18%
#29MrOutBack
16%
#32H0llyLP
15%
#41BrokenThumbs
14%
#40BrokenThumbs
14%
#33EasnLP
14%
#17TheDeadSheap
7%
#54SergantMax
6%

Verteilung der Resultate

Perzentil nach korrekt beantworteten Fragen

Anzahl Personen mit jedem Resultat

Ihre Resultats-Entwicklung

Sie haben dieses Quiz noch nicht gespielt